Modelovanie portfólia životného poistenia použitím rôznych princípov ohodnocovania dizertačná práca

Gespeichert in:
Bibliographische Detailangaben
1. Verfasser: Kosztolányiová, Alexandra, 1983-
Körperschaft: Fakulta hospodárskej informatiky EU. Katedra matematiky
Weitere Verfasser: Bilíková, Mária, 1951-
Format: Buch
Sprache:Slowakisch
Veröffentlicht: Bratislava 2013
Schlagworte:
Tags: Tag hinzufügen
Keine Tags, Fügen Sie das erste Tag hinzu!

MARC

LEADER 00000nbm a2200000 4500
001 0183770
005 20240109074737.1
041 0 |a slo 
044 |a SK 
245 1 0 |a Modelovanie portfólia životného poistenia použitím rôznych princípov ohodnocovania  |b dizertačná práca  |c Alexandra Kosztolányiová ; školiteľ: Mária Bilíková 
264 1 |a Bratislava  |c 2013 
300 |a 114 s. 
610 2 0 |a poistenie životné 
610 2 0 |a portfólio 
610 2 0 |a modelovanie 
610 2 0 |a ohodnocovanie 
610 2 0 |a zmluvy poistné 
100 1 |a Kosztolányiová, Alexandra, 1983- 
700 1 |a Bilíková, Mária, 1951- 
710 2 |a Fakulta hospodárskej informatiky EU. Katedra matematiky